000 00583pam a2200217 i 4500
001 1288818
005 20180813090039.0
008 760617s1976 paua b 001 0 eng
010 _a 76008574
020 _a0721636152
040 _aDLC
_cDLC
_dDLC
041 _aeng
060 _aWG220 A882
080 _a616.125
082 0 0 _a616.125
100 _a7
101 _aKAR
245 0 0 _aAtrioventricular canal defects /
_ceditor, Robert H. Feldt ; associate editors, Dwight C. McGoon ... [et al.].
906 _a7
_bcbc
_corignew
_d1
_eocip
_f19
_gy-gencatlg
942 _2ddc
_cBK
999 _c47066
_d47066